| 000 | 01265nam a2200121Ia 4500 | ||
|---|---|---|---|
| 008 | 220616s9999||||xx |||||||||||||| ||und|| | ||
| 245 | 0 | _aUrban Climate and Adaptation Tools | |
| 546 | _aEnglish[eng] | ||
| 650 | _aACCCRN||Climate change adaptation||institutionalising adaptation||hybrid institutionalism||mainstreaming resilience||urban resilience and adaptation||urban green system||ecosystem services||climate change benefits||resilient city||urban resilient development||green urban planning||pollution flow patterns||wind circulation patterns||emission inventory||criteria pollutants||Mexico City||urban heat island||urbanization||urban surface energy balance||fluidodynamic modeling||Envi-Met||human biometeorology||thermal comfort||interdisciplinarity||climate change adaptation||thermal sensitive design||web-based platform||early warning system||vulnerability simulations||flood risk maps||rainfall estimates||microwave links||CML||crowdsourcing||sensible targets||urban greening||UrbClim model||water bodies||systems change||innovation||nature-based solutions||cities||urban climate||open data||data sources||urban climate monitoring | ||
| 700 | _aGeorgiadis, Teodoro||Cremonini, Letizia | ||
| 856 | _uhttps://mdpi.com/books/pdfview/book/3442 | ||
| 942 | _cEB | ||
| 999 |
_c20876 _d20876 |
||